00347nam a2200133Ia 450000500170000000800410001702000140005808200150007210000180008724500290010526000530013430000130018765000130020020250429070513.0240331s9999 xx 000 0 und d a981002664 a291.5bMUR aMurugaiyan, V 0aYamar ematar emantan yar aSingaporebDr, M. Vasanthakumar Murukaiyanc1991 a167 p ., aReligion